1231 1692 1435 1123 1065 1626 1209 1045 1192 1822 1651 1008 1839 1884 1516 1383 1136 1555 1136 1107 1650 1350 1014 1563 1326 1761 1948 1566 1767 1933 1554 1029 1391 1262 1263 1729 1102 1772 1474 1322 1718 1777 1852 1452 1793 1901 1701 1036 1516 1619 1667 1693 1426 1885 1799 1700 1289 1182 1820 1760 1019 1959 1591 1813 1293 1887 1779 1729 1043 1105 1821 1359 1282 1250 1177 1714 1671 1918 1667 1369 1161 1920 1836 1144 1261 1722 1054 1191 1624 1439 1452 1998 1825 1385 1646 1452 1010 1747 1019 BCNSPRNW ULIB Ver.6.0+V

เปลี่ยนเป็นภาษาไทย

Change to English
 แสดงรายละเอียดบรรณานุกรม
  กลับหน้าหลัก

Brief Record : Get Marc (ISO 2709) : E-mail record : QR code < ปิดหน้าต่าง
LEADER : 00000nam 2200000uu 4500
001    13399121358
003     ULIB
008    110627s2549||||th 000 0 tha d
099    วจ.WQ150^bร146ค
100 0  รพีพรรณ วิบูลย์วัฒนกิจ
245 00 ความสัมพันธ์ระหว่างเจตคติต่อการตั้งครรภ์และแบบแผนการดำเนินชีวิตในระยะตั้งครรภ์ของหญิงตั้งครรภ์วัยรุ่น /^cรพีพรรณ วิบูลย์วัฒนกิจ,สุดกัญญา ปานเจริญ,ยุพา ทิพย์อลงกต
260    นครสวรรค์ :^bวิทยาลัยพยาบาลบรมราชชนนี สวรรค์ประชารักษ์,^c2549
300    69 หน้า
650  7 ตั้งครรภ์^xวิจัย
650  7 วิทยาลัยพยาบาลบรมราชชนนี สวรรค์ประชารักษ์
650  7 ตั้งครรภ์^xการดำเนินชีวิต
650  7 ตั้งครรภ์^xเจตคติ
700 02 ยุพา ทิพย์อลงกต
700 02 สุดกัญญา ปานเจริญ
945    ^p0^l0^i033092
995    ทศพร
999 ^a ใช้งานได้ทุกระบบ
รายการนี้ยังไม่มีแท็ก
คุณยังไม่ได้ล็อกอิน คุณสามารถมีกิจกรรมร่วมกับเว็บไซต์ได้ แต่ต้องล็อกอินก่อน ::
  ล็อกอิน

รายการสื่อสารสนเทศ

ลำดับที่ ประเภท เลขเรียก/บาร์โค้ด สถานที่ สถานะ
1. งานวิจัย
งานวิจัย
วจ.WQ150 ร146ค ฉ.1 
  Barcode: 033092
ห้องสมุดวิทยาเขตสวรรค์ประชารักษ์
►วิจัย
บนชั้น

รายการใกล้เคียง
    ผู้แต่ง [รพีพรรณ วิบูลย์วัฒนกิจ]

    หัวเรื่อง [วิทยาลัยพยาบาลบรมราชชนนี สวรรค์ประชารักษ์]

BibComment


ยังไม่เคยถูกคอมเมนท์

คอมเมนท์ทรัพยากรรายการนี้
  คอมเมนท์: ความสัมพันธ์ระหว่..


 Copyright 2026. Bcnsprnw @Library